00385nam a2200157Ia 4500003000400000008004100004040001600045082001300061100001700074245003100091260003400122300001000156490002400166650001500190650002200205GCL140319s9999 xx 000 0 eng d aGCL / cGCL04a843bS S1 aSARTRE, JEAN10aLE SURSIS / cSARTRE, JEAN a[S.N] : bGALLIMARD ، c1994 a434 P aCOLLECTION FOLIOv004aLITERATURE04aFRENCH LITERATURE